| 000 | 02095nam0a2200373 i 4500 | ||
|---|---|---|---|
| 001 | RU\NLR\BIBL_A\010397729 | ||
| 005 | 20240921185224.0 | ||
| 010 |
_a9785926605423 _950 |
||
| 021 |
_aRU _b14-24525 |
||
| 035 | _a(NILC)RuMoRGB-006772334 | ||
| 035 | _a(NLR Aleph) 010397729 | ||
| 090 |
_a9695529 _c9695529 |
||
| 100 | _a20140609d2013 m y0rusy50 ca | ||
| 101 | 0 | _arus | |
| 102 | _aRU | ||
| 105 | _ay|||||||||||| | ||
| 200 | 1 |
_aОсобенности тактики отдельных следственных действий, осуществляемых на первоначальных и последующих этапах расследования нарушений авторских и смежных прав _eучебно-методическое пособие _fМ. М. Душенко, Д. А. Натура _gМ-во внутр. дел Рос. Федерации, Краснодар. ун-т |
|
| 210 |
_aКраснодар _cКрУ МВД России _d2013 |
||
| 215 |
_a63, [2] с. _d21 |
||
| 300 | _aПеред вып. дан. 2-й авт.: Натура Денис Александрович к.ю.н. | ||
| 320 | _aБиблиогр. в конце кн. (65 назв.) | ||
| 606 | 0 |
_aАвторское право _jУчебные издания для высших учебных заведений _yРоссийская Федерация _92094804 _3RU\NLR\AUTH\661267559 |
|
| 606 | 0 |
_aАвторские права _jУчебные издания для высших учебных заведений _xНарушения _xУголовно-процессуальные вопросы _yРоссийская Федерация _92320454 _3RU\NLR\auth\661388240 |
|
| 675 | _a343.985.7:343.533(075.8) | ||
| 686 | 1 | _aХ623.3 | |
| 686 | 1 | _aХ628.111.420 | |
| 700 | 1 |
_aДушенко _bМ. М. _gМарина Максимовна |
|
| 701 | 1 |
_aНатура _bД. А. _gДенис Александрович |
|
| 801 | 0 |
_aRU _bRuMoRKP _c20140331 _gRCR |
|
| 801 | 2 |
_aRU _bРГБ _c20140417 _grcr |
|
| 942 | _cBOOK | ||
| 980 | _aNBR | ||